| 000 | 00785nam a22002177a 4500 | ||
|---|---|---|---|
| 999 |
_c17713 _d17713 |
||
| 003 | AR-CdUCM | ||
| 008 | 190507b ||||| |||| 00| 0 spa d | ||
| 040 |
_aMUNICIPALIDAD PROVINCIAL DEL CUSCO _cBIBLIOTECA MUNICIPAL DEL CUSCO |
||
| 082 |
_a541.2 / _bH224 |
||
| 100 |
_aHammerly Dupuy, Daniel _936847 |
||
| 245 | _aAspectos de la edad atómica / | ||
| 260 |
_aArgentina : _bSudamericana, _c1953. |
||
| 300 |
_a232 paginas ; _bIlustraciones, _c22 cm. |
||
| 505 | _aContenido : Discusiones referentes a la edad atómica -- La bomba atómica -- La humanidad frente al control atomico... | ||
| 650 |
_aEra atómica _937857 |
||
| 650 |
_aCivilización soviética _937858 |
||
| 650 |
_aHiroshima _937859 |
||
| 650 |
_aPanorama histórica _937860 |
||
| 942 |
_2ddc _cLIBROS |
||
| 945 | _arcc | ||